Backpack 1
Saved in:
| Main Author: | |
|---|---|
| Other Authors: | |
| Format: | Book |
| Language: | English |
| Published: |
New York :
2005.
|
| Textbook Catalogue: | BNM: Library Catalog Search Result |
| Textbook Classification: |
|
| Subjects: | |
| Tags: |
Add Tag
No Tags, Be the first to tag this record!
|
| Added to: | 2017-03-15 |
| Changed in: | 2022-02-24 |
MARC
| LEADER | 00000nam a2200000 a 4500 | ||
|---|---|---|---|
| 003 | AR-BaBNM | ||
| 005 | 20220225001745.0 | ||
| 007 | ta | ||
| 008 | 170316s2005 xxua r 000 0 eng d | ||
| 020 | |a 0-13-182679-4 | ||
| 035 | |a 000225065 | ||
| 040 | |a AR-BaBNM |b spa | ||
| 080 | |a 372.80 | ||
| 100 | 1 | |a Herrera, Mario | |
| 245 | 1 | 0 | |a Backpack 1 / |c Mario Herrera, Diane Pinkley ; contributing writer Yoko Mia Hirano. |
| 260 | |a New York : |b Pearson Education, |c 2005. | ||
| 300 | |a 125 p. : |b il. + |e 1 workbook (90 p.) | ||
| 650 | 4 | |a Enseñanza de idiomas |9 7738 |a Inglés |9 8580 |a Actividades de enseñanza |9 6430 | |
| 655 | 4 | |a Libros de texto | |
| 942 | |2 udc |c LIBRO | ||
| 999 | |c 186643 |d 186643 | ||
| 700 | 1 | |a Pinkley, Diane |a Hirano, Yoko Mia |e ctb | |
| 999 | |c KOHA-OAI-TEST:186643 |d 186643 | ||